Norway or No Way? - Statistics

General Stats
  • This quiz has been taken 49 times
  • The average score is 22 of 30
Answer Stats
Hint Answer % Correct
Features a cross on its flag Norway
93%
Has the highest number of Winter Olympic gold medals of any country Norway
91%
The Nobel Peace Prize is awarded there Norway
91%
Henrik Ibsen was from there Norway
91%
Shares a land border with Russia Norway
89%
Controls territory in the Antarctic Norway
89%
Gained independence from Sweden Norway
86%
Has a constitutional monarchy Norway
86%
Is a member of NATO Norway
86%
Has won the Eurovision Song Contest Norway
86%
Is the country where Lego was invented No way
84%
Is a full member of the European Union No way
80%
Has hosted the FIFA World Cup No way
80%
Is the home of Ikea No way
80%
Gained independence from Finland No way
77%
Has the tallest population on average No way
75%
Gives its name to an element of the periodic table No way
75%
Its capital was formerly known as Christiana Norway
70%
Has the second-longest coastline in the world Norway
70%
Was conquered by the Romans No way
70%
Has the northernmost capital city in the world No way
70%
Had a pro-Stalin puppet government during the Second World War No way
68%
Is home to the oldest amusement park in the world No way
64%
Has wild penguins No way
64%
Controls the Faroe Islands No way
64%
Uma Thurman is from there No way
61%
Is known as 'the land of the midnight sun' Norway
57%
Hans Christian Andersen was from there No way
48%
Has the reindeer as its national animal No way
48%
The Nobel Prize for Literature is awarded there No way
45%
No matching quizzes found
Score Distribution
Percent of People with Each Score
Percentile by Number Answered
Your Score History
You have not taken this quiz